Score 0/9 Timer 01:30
6 Plays Today
Initials Name % Correct
S.P.Skulduggery Pleasant
73.7%
E.R.Erskine Ravel
57.1%
D.V.Dexter Vex
54.9%
G.B.Ghastly Bespoke
53.8%
A.S.Anton Shudder
51.5%
H.Hopeless
51.4%
V.C.Valkyrie Cain
49.9%
S.R.Saracen Rue
41.1%
L.Larrikin
36.7%
Remove Ads.
Support Sporcle.
Get the best of Sporcle when you Go Orange. This ad-free experience offers more features, more stats, and more fun while also helping to support Sporcle. Thank you for becoming a member.

You're not logged in!

Compare scores with friends on all Sporcle quizzes.
OR
Log In

Show Comments

Extras

Top Quizzes Today


Score Distribution

Your Account Isn't Verified!

In order to create a playlist on Sporcle, you need to verify the email address you used during registration. Go to your Sporcle Settings to finish the process.

Report this User

Report this user for behavior that violates our Community Guidelines.

Details: